000 00647nam a2200193Ii 4500
003 JO-AjNU
008 230605s9999||||xx |||||||||||||| ||und||
040 _aJO-AjNU
_bara
_erda
_cJO-AjNU
041 _aara
050 1 4 _aBP173.7.M8364
100 3 _aسالم، محمد عزيز نظمي,
_eauthor
_917627
245 0 0 _aالفكر السياسي والحكم في الإسلام
264 3 1 _aالاسكندرية: مؤسسة شباب الجامعة، د.ت
300 _a264ص
336 _atext
_btxt
_2rdacontent
337 _aunmediated
_bn
_2rdamedia
338 _avolume
_bnc
_2rdacarrier
650 4 _aالاسلام والسياسة
_917628
999 _aA5484
_c9052
_d9052